Role rodinných pečovatelů v systému sociální a zdravotní péče v ČR

Oblasť verejnej politiky podporujúcej postavenie neformálnej starostlivosti v oblasti dlhodobej starostlivosti o seniorov a deti v ČR. Možnosti sociálnych a zdravotníckych služieb a úloha opatrovateľov v systéme dlhodobej rodinnej starostlivosti.

Gespeichert in:
Bibliographische Detailangaben
1. Verfasser: Kotrusová, Miriam
Weitere Verfasser: Dobiášová, Karolína, Hošťálková, Jitka
Format: Buchkapitel
Sprache:Tschechisch
Schlagworte:
Tags: Tag hinzufügen
Keine Tags, Fügen Sie das erste Tag hinzu!

MARC

LEADER 00000naa a2200000 4500
001 0182705
005 20221020085221.3
041 0 |a cze 
044 |a CZ 
245 1 0 |a Role rodinných pečovatelů v systému sociální a zdravotní péče v ČR  |c Miriam Kotrusová, Karolína Dobiášová, Jitka Hošťálková 
520 |a Oblasť verejnej politiky podporujúcej postavenie neformálnej starostlivosti v oblasti dlhodobej starostlivosti o seniorov a deti v ČR. Možnosti sociálnych a zdravotníckych služieb a úloha opatrovateľov v systéme dlhodobej rodinnej starostlivosti. 
610 2 0 |a Česko 
610 2 0 |a politika sociálna 
610 2 0 |a politika rodinná 
610 2 0 |a starostlivosť sociálna 
610 2 0 |a práca sociálna 
610 2 0 |a služby sociálne 
610 2 0 |a prieskum 
100 1 |a Kotrusová, Miriam 
700 1 |a Dobiášová, Karolína 
700 1 |a Hošťálková, Jitka